[Event "Sydney NSW op"]
[Site "Sydney"]
[Date "2025.06.07"]
[Round "3"]
[White "Peramunetilleke, Seth"]
[Black "Vincent, Alaina"]
[Result "0-1"]
[WhiteElo "2010"]
[BlackElo "1956"]
[PlyCount "56"]
[EventDate "2025.06.06"]
[EventType "swiss"]
[EventRounds "7"]
[EventCountry "AUS"]
[SourceTitle "CB24_2025"]
[SourceDate "2025.06.11"]
[SourceVersion "1"]
[SourceVersionDate "2025.06.11"]
[SourceQuality "1"]

1. e4 c5 2. c3 Nf6 3. e5 Nd5 4. d4 cxd4 5. Nf3 d6 6. cxd4 Nc6 7. Bc4 e6 8. 0-0 Be7 9. Bd2 dxe5 10. dxe5 0-0 11. Nc3 Nxc3 12. Bxc3 a6 13. Qe2 b5 14. Bd3 Bb7 15. Rfd1 Qb6 16. Rac1 Rac8 17. Qe4 g6 18. Qf4 Rfd8 19. a3 Rd5 20. Ng5 Bxg5 21. Qxg5 Rcd8 22. Be2 Rxd1+ 23. Bxd1 Nd4 24. Qe7 Nf5 25. Qf6 Rd7 26. Bb4 Qc6 27. Qg5 h6 28. Bf3 Qxf3 0-1

[Event "Penang Heritage op 16th"]
[Site "Penang"]
[Date "2024.12.24"]
[Round "3"]
[White "Kumaran, Ashwiniy"]
[Black "Peramunetilleke, Seth"]
[Result "0-1"]
[WhiteElo "1710"]
[BlackElo "1878"]
[PlyCount "83"]
[EventDate "2024.12.23"]
[EventType "swiss"]
[EventRounds "9"]
[EventCountry "MAS"]
[SourceTitle "CB14_2025"]
[SourceDate "2024.11.01"]
[SourceVersion "1"]
[SourceVersionDate "2024.11.01"]
[SourceQuality "1"]

1. e4 e5 2. Nf3 Nc6 3. Bb5 a6 4. Ba4 Nf6 5. 0-0 Be7 6. Re1 b5 7. Bb3 0-0 8. d4 d6 9. c3 Re8 10. Ng5 Rf8 11. Nf3 h6 12. h3 Re8 13. Be3 Bf8 14. Nbd2 Na5 15. Bc2 c5 16. d5 c4 17. Qe2 Qc7 18. a4 Bd7 19. axb5 axb5 20. Ra3 Nb7 21. Ba7 Nc5 22. Rea1 Na4 23. Be3 Rec8 24. Nh4 Qb7 25. Bxa4 Rxa4 26. Qf3 Ne8 27. Nf5 Rxa3 28. Rxa3 Ra8 29. Rxa8 Qxa8 30. Nf1 Qa1 31. Qg4 Kh8 32. Qh4 Bxf5 33. exf5 Qa8 34. f6 Nxf6 35. Bxh6 Nh7 36. Bg5 Qxd5 37. Be7 Kg8 38. Bxf8 Nxf8 39. Ne3 Qd2 40. Nf5 g6 41. Nh6+ Kg7 42. Ng4 0-1

[Event "Wch FIDE Online U14 Asia qual"]
[Site "Tornelo INT"]
[Date "2020.12.13"]
[Round "6"]
[White "Akhmedinov, Satbek"]
[Black "Peramunetilleke, Seth"]
[Result "1-0"]
[WhiteElo "1948"]
[BlackElo "1925"]
[PlyCount "133"]
[EventDate "2020.12.11"]
[EventType "swiss (rapid)"]
[EventRounds "7"]
[EventCountry "ISS"]
[SourceTitle "EXT 2022"]
[Source "ChessBase"]
[SourceDate "2021.10.06"]
[SourceVersion "1"]
[SourceVersionDate "2021.10.06"]
[SourceQuality "1"]

1. e4 e5 2. Nf3 Nf6 3. Nxe5 d6 4. Nf3 Nxe4 5. d4 d5 6. Bd3 Nc6 7. 0-0 Be7 8. c4 Nf6 9. Nc3 0-0 10. h3 Be6 11. c5 h6 12. Bf4 a6 13. Re1 Re8 14. a3 Qd7 15. b4 Bf5 16. Rb1 Bxd3 17. Qxd3 Bf8 18. Ne5 Nxe5 19. Bxe5 Be7 20. Qf3 c6 21. Na4 Ne4 22. Nb6 Qe6 23. Nxa8 Rxa8 24. Rbd1 Qg6 25. a4 a5 26. b5 cxb5 27. axb5 a4 28. Re3 Bg5 29. Red3 Bh4 30. g3 Be7 31. Ra1 Ng5 32. Qd1 Nxh3+ 33. Kf1 Qf5 34. Qf3 Qxf3 35. Rxf3 Ng5 36. Rfa3 f6 37. Bc7 Ne6 38. Bb6 Nxd4 39. Rxa4 Rxa4 40. Rxa4 Nxb5 41. Ra8+ Kf7 42. Rb8 Ke6 43. Rxb7 Nd4 44. Rc7 Nb5 45. Rc8 Kd7 46. Rg8 g5 47. Rg6 Nd4 48. Rxh6 Nc6 49. Ke2 Nd4+ 50. Kd3 Ne6 51. Rh7 Nd8 52. Bxd8 Kxd8 53. Kd4 Bf8 54. Kxd5 f5 55. c6 Ba3 56. Ke6 f4 57. gxf4 gxf4 58. f3 Bc5 59. Kd5 Ba3 60. c7+ Kc8 61. Kc6 Bf8 62. Rh4 Bh6 63. Kb6 Bg7 64. Rxf4 Bd4+ 65. Kc6 Bf6 66. Rb4 Bd4 67. Rb8# 1-0

[Event "Barcelona Sant Marti op-B 21st"]
[Site "Barcelona"]
[Date "2019.07.18"]
[Round "6"]
[White "Peramunetilleke, Seth"]
[Black "Costa Trave, Jaume"]
[Result "0-1"]
[WhiteElo "1408"]
[BlackElo "1856"]
[PlyCount "66"]
[EventDate "2019.07.13"]
[EventType "swiss"]
[EventRounds "9"]
[EventCountry "ESP"]
[SourceTitle "EXT 2020"]
[Source "ChessBase"]
[SourceDate "2019.10.17"]
[SourceVersion "1"]
[SourceVersionDate "2019.10.17"]
[SourceQuality "1"]

1. e4 e6 2. b3 d5 3. Bb2 d4 4. Nf3 c5 5. Bb5+ Bd7 6. Bxd7+ Qxd7 7. d3 Nc6 8. 0-0 Nge7 9. Nbd2 Ng6 10. h3 Be7 11. a4 0-0 12. Nc4 e5 13. Kh2 f5 14. exf5 Rxf5 15. Nfd2 Raf8 16. Ne4 Nf4 17. Bc1 Qd5 18. Bxf4 Rxf4 19. g3 R4f5 20. Qd2 Nd8 21. Rae1 Ne6 22. h4 g5 23. Qe2 gxh4 24. Qg4+ Kh8 25. Kg2 Nf4+ 26. Kh2 Ng6 27. Ncd2 Qf7 28. Kg1 Rg8 29. Qh3 Nf4 30. Qh2 Rh5 31. Qh1 hxg3 32. Qf3 gxf2+ 33. Kxf2 Rh2+ 0-1